Catálogo
 En Linea

Fundamentos judiciales de derecho procesal de trabajo. / (Registro nro. 11177)

Detalles MARC
000 -CABECERA
campo de control de longitud fija 00952nam a2200217 a 4500
001 - NÚMERO DE CONTROL
campo de control 000011476
005 - FECHA Y HORA DE LA ÚLTIMA TRANSACCIÓN
campo de control 20200929162451.0
008 - DATOS DE LONGITUD FIJA--INFORMACIÓN GENERAL
campo de control de longitud fija 091019s2006 dr 000 0 spa d
040 ## - FUENTE DE LA CATALOGACIÓN
Centro catalogador/agencia de origen DO-SdBNP
Lengua de catalogación spa
Centro/agencia transcriptor BNPHU
082 ## - NÚMERO DE LA CLASIFICACIÓN DECIMAL DEWEY
Número de clasificación 344.7293
Número de documento/Ítem H558f
049 ## - FONDOS LOCALES (OCLC)
Fondos de biblioteca BNPD
100 1# - ENTRADA PRINCIPAL--NOMBRE DE PERSONA
Nombre de persona Hernández-Machado Santana, Erick José
9 (RLIN) 27172
245 10 - MENCIÓN DE TÍTULO
Título Fundamentos judiciales de derecho procesal de trabajo. /
Mención de responsabilidad, etc. Erick José Hernández- Machado Santana.
260 ## - PUBLICACIÓN, DISTRIBUCIÓN, ETC.
Lugar de publicación, distribución, etc. Santo Domingo :
Nombre del editor, distribuidor, etc. Fundación Derecho Constitucional y Comunitario, Universidad Católica Santo Domingo (UCSD),
Fecha de publicación, distribución, etc. 2006.
300 ## - DESCRIPCIÓN FÍSICA
Extensión 488 p. ;
Dimensiones 24 cm.
500 ## - NOTA GENERAL
Nota general Incluye datos biográficos del autor en las solapas en las solapas de las cubiertas
500 ## - NOTA GENERAL
Nota general Incluye notas al pie de las páginas
504 ## - NOTA DE BIBLIOGRAFÍA, ETC.
Nota de bibliografía, etc. Incluye referencias bibliográficas (p. 477-481)
650 #4 - PUNTO DE ACCESO ADICIONAL DE MATERIA--TÉRMINO DE MATERIA
Término de materia o nombre geográfico como elemento de entrada Derecho laboral
Subdivisión geográfica República Dominicana
9 (RLIN) 7337
650 #4 - PUNTO DE ACCESO ADICIONAL DE MATERIA--TÉRMINO DE MATERIA
Término de materia o nombre geográfico como elemento de entrada Legislación laboral
Subdivisión geográfica República Dominicana
9 (RLIN) 11733
999 ## - NÚMEROS DE CONTROL DE SISTEMA (KOHA)
-- 0000171
Existencias
Estado de retiro Estado de pérdida No para préstamo Código de colección Localización permanente Ubicación/localización actual Ubicación en estantería Fecha de adquisición Número de inventario Total de préstamos Signatura topográfica completa Código de barras Fecha visto por última vez Número de copia Precio válido a partir de Tipo de ítem Koha Restricciones de uso
    Excluido de préstamo Dominicana de Servicio General General En catalogación 19.10.2009 LF1   344.7293 H558f 11476-10 25.06.2020 e. 3 25.06.2020 Libro y Folleto Colección Dominicana de Servicio  
    Excluido de préstamo Patrimonio Dominicano Patrimonio Dominicano Patrimonio Dominicano En catalogación 19.10.2009 LF1   344.7293 H558f 11476-20 25.06.2020 e. 2 25.06.2020 Libro y Folleto Colección Patrimonio Dominicano  
      Patrimonio Dominicano Patrimonio Dominicano Patrimonio Dominicano En catalogación 16.02.2011 LF1   344.7293 H558f 11476-30 25.06.2020   25.06.2020 Libro y Folleto Colección Patrimonio Dominicano Préstamo interno

Con tecnología Koha